Michael Jordan NBA All Star Teammates - Statistics

General Stats
  • This quiz has been taken 422 times
  • The average score is 5 of 13
Answer Stats
AS Player Team Last % Correct
7 Scottie Pippen Bulls 1997
100%
2 Dennis Rodman Bulls 1992
94%
1 Horace Grant Bulls 1994
67%
1 B.J. Armstrong Bulls 1994
48%
11* Artis Gilmore Bulls 1986
46%
1 Bill Cartwright Bulls 1980
41%
1 Charles Oakley Bulls 1994
37%
12* George Gervin Bulls 1985
28%
9 Robert Parish Bulls 1991
21%
2 Jerry Stackhouse Wizards 2001
19%
3 Richard Hamilton Wizards 2008
19%
1* Caldwell Jones Bulls 1975
7%
1 Christian Laettner Wizards 1997
5%
No matching quizzes found
Score Distribution
Percent of People with Each Score
Percentile by Number Answered
Your Score History
You have not taken this quiz